Premières phrases de chansons Disney / Pixar #2 - Statistiques

Statistiques générales
  • Ce quiz a été pris 150 fois
  • Le résultat moyen est 12 sur 20
Statistiques - réponses
Première phrase Réponse % Correct
Do Mi Sol Do Do Sol Mi Do Les aristochats
92%
Ton ami c'est moi Toy story
87%
C'est terrible, c'est affreux Le roi lion
82%
Tu crois que la Terre t'appartient toute entière Pocahontas
82%
Rêve ta vie en couleurs Peter Pan
78%
Peignons ces roses en rouge Alice au pays des merveilles
77%
J'ai envie de vous dire une chose totalement insensée La reine des neiges
77%
Tu voudrais aller dehors ? Raiponce
76%
On est Siamois de père en fils La belle et le clochard
75%
Le boulanger porte son plateau bien garni La belle et la bête
74%
Oh maman, je n'ai pas le temps de danser La princesse et la grenouille
73%
Mon amour je t'ai vu au beau milieu d'un rêve La belle au bois dormant
71%
Nous marchons gaiement vers notre champ de bataille Mulan
66%
Trahison, disgrâce Le roi lion 2
62%
Être face à la perfection, c'est si rare Vaiana
58%
C'est géant Hercule
49%
Le monde est cruel Le bossu de notre dame
29%
Sans aucun lien Pinocchio
19%
On s'est connu voici fort peu de temps Rox et Rouky
7%
La vie nous a réuni pour le meilleur Volt
4%
Aucun quiz correspondant
Distribution des résultats
% des personnes avec chaque résultat
Percentile par nombre de réponses
Votre historique - résultats
Vous n’avez pas pris ce quiz